| 000 | | | 05287cmc1a2200000 x 450 |
| 001 | | | 858e6034-e211-47c2-a22a-59fabaa25a6f |
| 005 | | | 20170327170511.0 |
| 200 | 1# | $a | КОМИТЕТ ПРИ ВРЕМЕННОМ ПРАВИТЕЛЬСТВЕ ПО ПРИСПОСОБЛЕНИЮ ЗДАНИЯ ДЛЯ УЧРЕДИТЕЛЬНОГО СОБРАНИЯ |
| | $j | 1917-1918 |
| 937 | ## | $h | ПБ |
| 801 | #0 | $a | RU |
| | $b | ПБ им. Б.Н. Ельцина |
| | $c | 20170327 |
| 801 | #1 | $a | RU |
| | $b | ПБ им. Б.Н. Ельцина |
| | $c | 20170327 |
| | $2 | rusmarc |
| 801 | #2 | $a | RU |
| | $b | ПБ им. Б.Н. Ельцина |
| | $c | 20170327 |
| | $g | RCR |
| | $2 | rusmarc |
| 856 | ## | $u | http://readingroom.main.prlib.ru/item.aspx?id_node=n96400241 |
| 100 | ## | $a | 20170327l19171918k y0rusy са |
| 101 | 0# | $a | rus |
| 102 | ## | $a | RU |
| 122 | 2# | $a | d1917###### |
| | $a | d1918###### |
| 215 | ## | $a | 61 единица хранения |
| 251 | ## | $a | 1 опись |
| | $c | Фонд |
| 330 | ## | $a | Комитет учрежден постановлением Временного правительства от 24 мая 1917 г. В его задачи входили выбор здания для Cобрания, разработка проектов и смет предстоящих работ по приспособлению этого здания для Учредительного собрания и контроль за ведением ремонтно-строительных, отделочных и других работ. При Комитете были созданы и действовали строительная и приемочная комиссии. Комитет ликвидирован 15 сентября 1918 г. |
| 330 | ## | $a | В фонде представлены: положение о Комитете, постановления Временного правительства об учреждении Комитета, охране Таврического дворца и обеспечении безопастности Учредительного собрания; журналы заседаний Комитета и его комиссий, отчеты и доклады о работе Комитета и его Комиссий, переписка с подрядчиками по проведению ремонтно-строительных, отделочных и других работ, заявления и счета подрядчиков, именные списки личного состава Комитета и требовательные ведомости на выдачу ему жалования, журнал регистрации входящих документов; приказы по комендантскому управлению Таврического дворца (ноябрь-декабрь 1917 г.) |
| 300 | ## | $a | Использованы материалы сайта ГА РФ (http://statearchive.ru/383) |
| 710 | 01 | $3 | LIBNET\UAF\0000066348 |
| | $a | Россия |
| | $b | Комитет при Временном правительстве по приспособлению здания для Учредительного собрания |
| | $c | 1917, февраль-октябрь |
| 850 | ## | $a | Государственный архив Российской Федерации (ГА РФ) |
| 852 | ## | $a | ГА РФ |
| | $j | 1786 |
| 601 | 01 | $2 | prlib_sh |
| | $3 | LIBNET\UAF\0000066348 |
| | $a | Россия |
| | $b | Комитет при Временном правительстве по приспособлению здания для Учредительного собрания |
| | $c | 1917, февраль-октябрь |
| | $j | Архивы |
| 607 | ## | $2 | prlib_sh |
| | $3 | DITM\AF\0000001699 |
| | $a | Таврический дворец (Санкт-Петербург, город) |
| | $j | Архивы |
| 686 | ## | $2 | rubbk |
| | $a | 63.3(2)535ю1 |
| | $v | LBC/M |
| 686 | ## | $a | 63.3(2)611ю1 |
| | $v | LBC/M |
| | $2 | rubbk |
| 605 | ## | $2 | acquisition_Prlib |
| | $3 | DITM\AF\0000002775 |
| | $a | Власть |
| | $l | коллекция |
| 605 | ## | $a | 1917: февраль - октябрь |
| | $l | коллекция |
| | $2 | acquisition_Prlib |
| | $3 | LIBNET\UAF\0000064780 |